Principaux ministres sous la présidence de Jacques Chirac - Statistiques

Statistiques générales
  • Ce quiz a été pris 184 fois
  • Le résultat moyen est 22 sur 56
Statistiques - réponses
Membres du gouvernement Nom % Correct
Premier ministre (du 31 mai 2005 au 17 mai 2007) Dominique de Villepin
96%
Ministre de l'Intérieur, de la Sécurité intérieure et des Libertés locales (du 31 mars 2004 au 31 mai 2005) Dominique de Villepin
96%
Ministre des Affaires étrangères (du 7 mai 2002 au 30 mars 2004) Dominique de Villepin
96%
Ministre de l'Intérieur, de la Sécurité intérieure et des Libertés locales (du 7 mai 2002 au 30 mars 2004) Nicolas Sarkozy
96%
Ministre de l'Intérieur et de l'Aménagement du territoire (du 2 juin 2005 au 26 mars 2007) Nicolas Sarkozy
96%
Ministre de l'Economie, des Finances et de l'Industrie (du 31 mars 2004 au 29 novembre 2004) Nicolas Sarkozy
96%
Premier ministre (du 17 mai 1995 au 2 juin 1997) Alain Juppé
95%
Premier ministre (du 2 juin 1997 au 6 mai 2002) Lionel Jospin
95%
Premier ministre (du 6 mai 2002 au 31 mai 2005) Jean-Pierre Raffarin
92%
Ministre de l'Education nationale, de l'Enseignement supérieur et de la Recherche (du 31 mars 2004 au 31 mai 2005) François Fillon
69%
Ministre des Affaires sociales, du Travail et de la Solidarité (du 7 mai 2002 au 30 mars 2004) François Fillon
69%
Ministre de l'Ecologie et du Développement durable (du 6 mai 2002 au 31 mars 2004) Roselyne Bachelot
67%
Ministre de la Défense et des Anciens combattants (du 7 mai 2002 au 15 mai 2007) Michèle Alliot-Marie
60%
Ministre de l'Education nationale, de l'Enseignement supérieur, de la Recherche et de l'Insertion professionnelle (du 18 mai 1995 au 2 juin 1997) François Bayrou
57%
Ministre de l'Intérieur (du 4 juin 1997 au 29 août 2000) Jean-Pierre Chevènement
51%
Ministre de l'Emploi et des Solidarités (du 4 juin 1997 au 18 octobre 2000) Martine Aubry
50%
Ministre de l'Intérieur et de l'Aménagement du territoire (du 26 mars 2007 au 15 mai 2007) François Baroin
49%
Ministre de l'Economie, des Finances et de l'Industrie (du 28 mars 2000 au 6 mai 2002) Laurent Fabius
48%
Ministre de l'Education nationale (du 27 mars 2000 au 6 mai 2002) Jack Lang
46%
Ministre de l'Economie, des Finances et de l'Industrie (du 4 juin 1997 au 2 novembre 1999) Dominique Strauss-Kahn
44%
Ministre de l'Intérieur (du 18 mai 1995 au 2 juin 1997) Jean-Louis Debré
43%
Ministre de la Justice, Garde des Sceaux (du 4 juin 1997 au 18 octobre 2000) Elisabeth Guigou
41%
Ministre de l'Emploi et des Solidarités (du 18 octobre 2000 au 6 mai 2002) Elisabeth Guigou
41%
Ministre de l'Education Nationale, de la Recherche et de la Technologie (du 4 juin 1997 au 27 mars 2000) Claude Allègre
36%
Ministre des Affaires étrangères (du 2 juin 2005 au 15 mai 2007) Philippe Douste-Blazy
36%
Ministre des Solidarités, de la Santé et de la Famille (du 31 mars 2004 au 31 mai 2005) Philippe Douste-Blazy
36%
Ministre de l'Aménagement du territoire et de l'Environnement (du 4 juin 1997 au 9 juillet 2001) Dominique Voynet
34%
Ministre de la Jeunesse, de l'Education nationale et de la Recherche (du 7 mai 2002 au 30 mars 2004) Luc Ferry
33%
Ministre des Affaires étrangères (du 30 mars 2004 au 31 mai 2005) Michel Barnier
33%
Ministre de la Santé et des Solidarités (du 2 juin 2005 au 26 mars 2007) Xavier Bertrand
33%
Ministre de la Justice, Garde des Sceaux (du 18 mai 1995 au 2 juin 1997) Jacques Toubon
31%
Ministre de l'Emploi, du Travail et de la Cohésion sociale (du 31 mars 2004 au 15 mai 2007) Jean-Louis Borloo
31%
Ministre des Affaires étrangères (du 4 juin 1997 au 6 mai 2002) Hubert Védrine
30%
Ministre de l'Economie, des Finances et de l'Industrie (du 25 février 2005 au 17 mai 2007) Thierry Breton
26%
Ministre de l'Intérieur (du 29 août 2000 au 6 mai 2002) Daniel Vaillant
23%
Ministre de la Justice, Garde des Sceaux (du 7 mai 2002 au 31 mai 2005) Dominique Perben
22%
Ministre de l'Economie et des Finances (du 18 mai 1995 au 26 août 1995) Alain Madelin
20%
Ministre de l'Economie, des Finances et de l'Industrie (du 7 mai 2002 au 30 mars 2004) Francis Mer
18%
Ministre de la Justice, Garde des Sceaux (du 18 octobre 2000 au 6 mai 2002) Marylise Lebranchu
18%
Ministre de l'Education nationale, de l'Enseignement supérieur et de la Recherche (du 31 mars 2004 au 15 mai 2007) Gilles de Robien
17%
Ministre des Affaires étrangères (du 18 mai 1995 au 2 juin 1997) Hervé de Charette
14%
Ministre de la Défense (du 4 juin 1997 au 6 mai 2002) Alain Richard
13%
Ministre de l'Environnement (du 18 mai 1995 au 2 juin 1997) Corinne Lepage
13%
Ministre de l'Economie, des Finances et de l'Industrie (du 29 novembre 2004 au 25 février 2005) Hervé Gaymard
13%
Ministre de la Santé, de la Famille et des Personnes handicapées (du 7 mai 2002 au 31 mars 2004) Jean-François Mattei
12%
Ministre de la Justice, Garde des Sceaux (du 2 juin 2005 au 15 mai 2007) Pascal Clément
12%
Ministre de la Défense (du 18 mai 1995 au 2 juin 1997) Charles Millon
11%
Ministre de l'Economie, des Finances et de l'Industrie (du 2 novembre 1999 au 27 mars 2000) Christian Sautter
10%
Ministre du Travail, du Dialogue social et de la Participation (du 18 mai 1995 au 7 novembre 1995) Jacques Barrot
9%
Ministre du Travail et des Affaires sociales (du 7 novembre 1995 au 2 juin 1997) Jacques Barrot
9%
Ministre de l'Economie, des Finances et du Plan (du 27 août 1995 au 2 juin 1997) Jean Arthuis
9%
Ministre de l'Aménagement du territoire et de l'Environnement (du 10 juillet 2001 au 6 mai 2002) Yves Cochet
8%
Ministre de l'Ecologie et du Développement durable (du 31 mai 2005 au 15 mai 2007) Nelly Olin
7%
Ministre de la Santé, des Solidarités, de la Sécurité sociale, des Personnes âgées, des Personnes handicapées et de la Famille (du 26 mars 2007 au 15 mai 2007) Philippe Bas
6%
Ministre de l'Ecologie et du Développement durable (du 31 mars 2004 au 31 mai 2005) Serge Lepeltier
5%
Ministre de la Santé publique et de l'Assurance maladie (du 18 mai 1995 au 7 novembre 1995) Elisabeth Hubert
4%
Aucun quiz correspondant
Distribution des résultats
% des personnes avec chaque résultat
Percentile par nombre de réponses
Votre historique - résultats
Vous n’avez pas pris ce quiz